| Tag |
First Indicator |
Second Indicator |
Subfields |
| LEADER |
00000cam a2200000 4500 |
| 001 |
in00000065476 |
| 005 |
20151007083412.0 |
| 008 |
720131s1966 wiu b 00000 eng u |
| 010 |
|
|
|a 66011799
|
| 035 |
|
|
|a (OCoLC)00230642
|
| 035 |
|
|
|9 AAF9312AM
|
| 040 |
|
|
|c WSU
|d TXA
|d UtOrBLW
|
| 049 |
|
|
|a TXAM
|c [472892]
|
| 050 |
|
0 |
|a HD314
|b .H3
|
| 092 |
|
|
|a 333.3
|b H3151s
|
| 100 |
1 |
|
|a Harris, Richard Colebrook.
|
| 245 |
1 |
4 |
|a The seigneurial system in early Canada.
|
| 264 |
|
1 |
|a Madison :
|b University of Wisconsin Press,
|c 1966.
|
| 300 |
|
|
|a 247 pages
|
| 336 |
|
|
|a text
|b txt
|2 rdacontent
|
| 337 |
|
|
|a unmediated
|b n
|2 rdamedia
|
| 338 |
|
|
|a volume
|b nc
|2 rdacarrier
|
| 504 |
|
|
|a Bibliography: pages 231-239.
|
| 650 |
|
0 |
|a Land tenure
|z Canada.
|
| 650 |
|
0 |
|a Feudalism
|z Canada.
|
| 999 |
|
|
|a MARS
|
| 999 |
f |
f |
|s 02898cc2-53c3-3ae0-baef-34b3216dd68d
|i 2d7368c0-4225-30d6-a9d9-f2d09e297fe1
|t 0
|
| 952 |
f |
f |
|p ric
|a Texas A&M University
|b Rellis Campus
|c Joint Library Facility
|d Remote Storage
|t 0
|e HD314 .H3
|h Library of Congress classification
|i unmediated -- volume
|m A14800739753
|
| 998 |
f |
f |
|a HD314 .H3
|t 0
|l Remote Storage
|